000 00835cam a2200253 a 4500
001 15447242
005 20180213070251.0
008 080911s2009 njua 001 0 eng
010 _a 2008040042
020 _a9780135025291
020 _a013502529X
035 _a(OCoLC)ocn249136659
035 _a(OCoLC)249136659
040 _aDLC
_cDLC
_dC#P
_dBWX
_dYDXCP
_dDLC
041 _aeng
080 _a658.1592 ada
082 0 0 _a658.1592 ada
_221
100 1 _a441
101 _a54
245 1 0 _aEntrepreneurial finance /
_cPhilip J. Adelman, Alan M. Marks.
906 _a7
_bcbc
_corignew
_d1
_eecip
_f20
_gy-gencatlg
942 _2ddc
_cBK
999 _c42379
_d42379